000 00628nam a2200241 a 4500
001 0001-1318
003 ELIB.Books
008 150727 2010 eng
020 _a10: 1576753603
035 _a(ELIB.Books)0001-1473
092 _a158
_bSte
100 _aSteffen, Jim.
245 _aAligned Thinking
260 _aSan Francisco
_bBK: Berrett- Koehler Publishing, Inc.
_c2006
300 _a135
_c22 Cm
500 _aDr. Min Oo
650 _aSuccess, Psychology Aspects
856 _nKBTS: Library
_uKBTS: Elib
942 _2ddc
_cBK
990 _a1
998 _cbat
_e2015-07-27
999 _c11318
_d11318